[Event "CAN-op"]
[Site "Calgary CAN"]
[Date "1996.07.17"]
[Round "6"]
[White "Yoos, John"]
[Black "Kuczaj, Chris"]
[Result "1-0"]
[WhiteElo "2445"]
[BlackElo "1990"]
[PlyCount "51"]
[EventDate "1996.07.13"]
[EventType "swiss"]
[EventRounds "10"]
[EventCountry "CAN"]
[SourceDate "2003.08.17"]

1. e4 c5 2. Nf3 d6 3. d4 cxd4 4. Nxd4 Nf6 5. Nc3 Nc6 6. Bg5 e6 7. Qd2 a6 8.
O-O-O Nxd4 9. Qxd4 Be7 10. f4 b5 11. Bxf6 gxf6 12. Be2 Bb7 13. Bh5 Qa5 14. e5
b4 15. Ne4 Bxe4 16. Qxe4 d5 17. Qe3 f5 18. Kb1 Qc5 19. Qg3 a5 20. Rd3 a4 21.
Rc1 Kd7 22. Bxf7 Rhc8 23. Qe1 Rab8 24. Qd2 Rb6 25. c4 bxc3 26. Rdxc3 1-0

[Event "CAN-op"]
[Site "Calgary CAN"]
[Date "1996.07.17"]
[Round "6"]
[White "Yudasin, Leonid"]
[Black "Rasmussen, Barry"]
[Result "1-0"]
[WhiteElo "2595"]
[BlackElo "2174"]
[PlyCount "69"]
[EventDate "1996.07.13"]
[EventType "swiss"]
[EventRounds "10"]
[EventCountry "CAN"]
[SourceDate "2003.08.17"]

1. e4 Nf6 2. e5 Nd5 3. d4 d6 4. Nf3 dxe5 5. Nxe5 g6 6. Bc4 c6 7. O-O Bg7 8. Bb3
O-O 9. Re1 Nd7 10. Nf3 Re8 11. Bg5 N7f6 12. Nbd2 h6 13. Bh4 Bg4 14. h3 Bxf3 15.
Nxf3 Nh5 16. Ne5 Bxe5 17. Rxe5 Qd7 18. Qf3 e6 19. g4 Ng7 20. c4 Ne7 21. Rd1 g5
22. Bg3 f5 23. d5 f4 24. Bh2 Ng6 25. Re2 cxd5 26. cxd5 e5 27. d6+ Kh8 28. Qe4
Nf8 29. Qc4 Nh7 30. Ba4 Rec8 31. Qb4 Qe6 32. d7 Rd8 33. Rd6 Qe7 34. Qc5 e4 35.
Qd4 1-0

[Event "CAN-op"]
[Site "Calgary CAN"]
[Date "1996.07.17"]
[Round "6"]
[White "Zwirner, Walter"]
[Black "Odachowski, Arthur"]
[Result "0-1"]
[WhiteElo "1965"]
[BlackElo "2086"]
[PlyCount "69"]
[EventDate "1996.07.13"]
[EventType "swiss"]
[EventRounds "10"]
[EventCountry "CAN"]
[SourceDate "2003.08.17"]

1. e4 c5 2. f4 Nc6 3. Nf3 g6 4. Be2 Bg7 5. O-O e6 6. Kh1 Nge7 7. c4 O-O 8. Na3
b6 9. Nc2 Bb7 10. d3 d5 11. Nd2 dxe4 12. dxe4 Nd4 13. Nxd4 cxd4 14. Bd3 e5 15.
f5 Nc6 16. Qg4 Qd7 17. Qg3 Bf6 18. Nf3 Nb4 19. Bb1 d3 20. Bh6 Bxe4 21. Bxf8
Rxf8 22. Re1 Qxf5 23. Nd2 Bb7 24. a3 Nc2 25. Bxc2 dxc2 26. Rf1 Qd7 27. Qc3 Qg4
28. Nf3 e4 29. Qxf6 exf3 30. Qxf3 Bxf3 31. gxf3 Qxc4 32. Rac1 Rd8 33. Rce1 Kg7
34. Rc1 Qf4 35. Rf2 0-1

[Event "CAN-op"]
[Site "Calgary CAN"]
[Date "1996.07.17"]
[Round "6.16"]
[White "Strojevs, Alexander"]
[Black "Taylor, Gordon"]
[Result "0-1"]
[WhiteElo "1927"]
[BlackElo "2439"]
[PlyCount "62"]
[EventDate "1996.07.13"]
[EventType "swiss"]
[EventRounds "10"]
[EventCountry "CAN"]

1. d4 Nf6 2. c4 e6 3. Nc3 Bb4 4. Qc2 O-O 5. a3 Bxc3+ 6. Qxc3 b6 7. Nf3 Bb7 8.
g3 d6 9. Bg2 Nbd7 10. O-O Qe7 11. Re1 e5 12. b4 Rae8 13. dxe5 dxe5 14. Bb2 Ne4
15. Qc2 f5 16. Nd2 Ndf6 17. Nxe4 Bxe4 18. Bxe4 fxe4 19. f3 Qe6 20. Kg2 Qf5 21.
Qc3 h5 22. h4 Kh7 23. Rad1 g5 24. hxg5 Qxg5 25. Bc1 Qg6 26. Be3 Rg8 27. Bf2 Qf5
28. Rh1 Kg6 29. c5 exf3+ 30. exf3 e4 31. fxe4 Qxf2+ 0-1

[Event "CAN-op"]
[Site "Calgary CAN"]
[Date "1996.07.18"]
[Round "7"]
[White "Day, Lawrence"]
[Black "Ferguson, Jim"]
[Result "1-0"]
[WhiteElo "2431"]
[BlackElo "2253"]
[PlyCount "65"]
[EventDate "1996.07.13"]
[EventType "swiss"]
[EventRounds "10"]
[EventCountry "CAN"]
[SourceDate "2003.08.17"]

1. e4 e5 2. Nf3 Nc6 3. Bb5 Bc5 4. d3 d6 5. Nc3 a6 6. Bxc6+ bxc6 7. Be3 Bxe3 8.
fxe3 Ne7 9. O-O Ng6 10. Qe1 O-O 11. Ne2 Be6 12. h3 f5 13. exf5 Bxf5 14. Ng3 Bd7
15. Ne4 Qe7 16. Qa5 Ra7 17. Kh2 c5 18. Nfd2 Bc6 19. Rxf8+ Nxf8 20. Rf1 Ne6 21.
Ng3 Qg5 22. e4 g6 23. Nf3 Qh6 24. Qc3 Rb7 25. b3 Bd7 26. Qc4 Ra7 27. Qd5 Bc8
28. Kh1 Kg7 29. Ne2 Nd8 30. Qc4 Qe3 31. Nfg1 Be6 32. Qa4 Nf7 33. Qe8 1-0

[Event "CAN-op"]
[Site "Calgary CAN"]
[Date "1996.07.18"]
[Round "7"]
[White "Ferrar, John"]
[Black "Gentes, Kevin"]
[Result "1-0"]
[WhiteElo "2272"]
[BlackElo "2373"]
[PlyCount "43"]
[EventDate "1996.07.13"]
[EventType "swiss"]
[EventRounds "10"]
[EventCountry "CAN"]
[SourceDate "2003.08.17"]

1. e4 e5 2. Nf3 Nc6 3. Bb5 f5 4. Nc3 fxe4 5. Nxe4 d5 6. Ng3 Qf6 7. d4 e4 8. Ne5
a6 9. Bxc6+ bxc6 10. O-O h5 11. f3 e3 12. Bxe3 h4 13. Ne2 h3 14. g3 Bd6 15. Qd2
Bb7 16. Bg5 Qf5 17. g4 Qh7 18. Nf4 Nf6 19. Neg6 Rg8 20. Qe2+ Kd8 21. Rae1 Bc8
22. Ne7 1-0

[Event "CAN-op"]
[Site "Calgary CAN"]
[Date "1996.07.18"]
[Round "7"]
[White "Frialde, Arniel"]
[Black "Spraggett, Kevin"]
[Result "0-1"]
[WhiteElo "2312"]
[BlackElo "2600"]
[PlyCount "110"]
[EventDate "1996.07.13"]
[EventType "swiss"]
[EventRounds "10"]
[EventCountry "CAN"]
[SourceDate "2003.08.17"]

1. e4 c6 2. d3 e5 3. Nf3 d6 4. d4 Nd7 5. Bc4 Be7 6. Nc3 Ngf6 7. a4 O-O 8. O-O
b6 9. Ng5 Bb7 10. Kh1 h6 11. Nh3 a6 12. f3 b5 13. Ba2 Re8 14. Ne2 Bf8 15. Ng3
exd4 16. Qxd4 c5 17. Qc3 d5 18. Bxd5 Nxd5 19. exd5 Nb6 20. axb5 Nxd5 21. Qb3
axb5 22. Rxa8 Qxa8 23. Nf4 Nxf4 24. Bxf4 b4 25. c4 bxc3 26. Qxc3 Qa4 27. Nh5
Re6 28. Be5 Qb5 29. Rd1 Qe2 30. Re1 Qb5 31. h3 c4 32. Bxg7 Rxe1+ 33. Qxe1 Bxg7
34. Nxg7 Kxg7 35. Qc3+ f6 36. Qd4 h5 37. Qf4 Bd5 38. Qd4 Bf7 39. Qc3 Qe5 40.
Qb4 Qe3 41. Kh2 Qf4+ 42. Kh1 h4 43. Qe1 Kg6 44. Qb1+ Kg5 45. Qe1 Bd5 46. Qc3
Qe5 47. Qd2+ Kf5 48. Qf2 Qf4 49. Qe2 Qd4 50. Qc2+ Kf4 51. Kh2 Ke3 52. Qc1+ Ke2
53. Qc2+ Qd2 54. Qf5 Qxb2 55. Qxd5 Qe5+ 0-1

[Event "CAN-op"]
[Site "Calgary CAN"]
[Date "1996.07.18"]
[Round "7"]
[White "Odachowski, Arthur"]
[Black "Neven, Knut"]
[Result "1-0"]
[WhiteElo "2086"]
[BlackElo "2220"]
[PlyCount "61"]
[EventDate "1996.07.13"]
[EventType "swiss"]
[EventRounds "10"]
[EventCountry "CAN"]
[SourceDate "2003.08.17"]

1. d4 Nf6 2. c4 g6 3. Nc3 d5 4. cxd5 Nxd5 5. e4 Nxc3 6. bxc3 Bg7 7. Bb5+ c6 8.
Ba4 O-O 9. Ne2 b5 10. Bb3 a5 11. O-O b4 12. cxb4 axb4 13. Be3 Ba6 14. Rc1 Bb5
15. Qc2 Nd7 16. Rfd1 Qa5 17. Rd2 Rfe8 18. Nf4 e5 19. Bxf7+ Kh8 20. Ne6 Ba4 21.
Qb2 Nf6 22. Nxg7 Kxg7 23. dxe5 Nxe4 24. e6+ Nc3 25. Bd4+ Kf8 26. Rxc3 c5 27.
Bg7+ Kxg7 28. Rf3+ Kf8 29. Bxg6+ Kg8 30. Bf7+ Kf8 31. Bh5+ 1-0

[Event "CAN-op"]
[Site "Calgary CAN"]
[Date "1996.07.18"]
[Round "7"]
[White "Rasmussen, Barry"]
[Black "Cabanas, Francisco"]
[Result "1-0"]
[WhiteElo "2174"]
[BlackElo "2060"]
[PlyCount "47"]
[EventDate "1996.07.13"]
[EventType "swiss"]
[EventRounds "10"]
[EventCountry "CAN"]
[SourceDate "2003.08.17"]

1. e4 d5 2. exd5 Nf6 3. c4 c6 4. d4 cxd5 5. Nf3 Nc6 6. Be2 dxc4 7. Nc3 e6 8.
O-O Be7 9. Bxc4 O-O 10. Bf4 a6 11. Re1 b5 12. Bb3 Bb7 13. a3 Rc8 14. Qd3 Na5
15. Bc2 Nc4 16. b3 Nxa3 17. Rxa3 Bxa3 18. Be5 g6 19. Ng5 Rxc3 20. Qxc3 Nd5 21.
Qg3 Be7 22. Nxh7 Bh4 23. Qh3 Kxh7 24. Re4 1-0

[Event "CAN-op"]
[Site "Calgary CAN"]
[Date "1996.07.18"]
[Round "7"]
[White "Strojevs, Alexander"]
[Black "Wu, Adam"]
[Result "0-1"]
[WhiteElo "1927"]
[BlackElo "2126"]
[PlyCount "77"]
[EventDate "1996.07.13"]
[EventType "swiss"]
[EventRounds "10"]
[EventCountry "CAN"]

1. d4 Nf6 2. c4 g6 3. Nc3 Bg7 4. e4 d6 5. Nf3 O-O 6. Be2 e5 7. O-O Nc6 8. d5
Ne7 9. Nd2 Ne8 10. b4 f5 11. f3 f4 12. c5 g5 13. a4 Ng6 14. cxd6 cxd6 15. a5
Rf7 16. b5 Bf8 17. Nc4 Nf6 18. Ba3 h5 19. h3 Nh4 20. Rc1 Qd7 21. b6 a6 22. Qa4
Qd8 23. Qb4 Ne8 24. Nd1 g4 25. fxg4 Qg5 26. Nf2 f3 27. gxf3 Nxf3+ 28. Bxf3 Rxf3
29. Rc3 hxg4 30. Kh1 Qf6 31. Qb2 g3 32. Rg1 Rxf2 33. Rcxg3+ Ng7 34. Qc1 Rf3 35.
Qe1 Bxh3 36. Bxd6 Bf1 37. R1g2 Bxg2+ 38. Kxg2 Rxg3+ 39. Qxg3 0-1

[Event "CAN-op"]
[Site "Calgary CAN"]
[Date "1996.07.18"]
[Round "7"]
[White "Taylor, Nicholas"]
[Black "Quiring, John"]
[Result "0-1"]
[WhiteElo "2033"]
[BlackElo "1820"]
[PlyCount "48"]
[EventDate "1996.07.13"]
[EventType "swiss"]
[EventRounds "10"]
[EventCountry "CAN"]
[SourceDate "2003.08.17"]

1. e4 d6 2. d4 Nf6 3. Nc3 g6 4. f4 Bg7 5. Nf3 O-O 6. Bd3 c5 7. dxc5 dxc5 8. Bd2
Nc6 9. a3 e5 10. fxe5 Ng4 11. O-O Ncxe5 12. Nxe5 Qd4+ 13. Kh1 Bxe5 14. Qe2 Nxh2
15. Be3 Nxf1 16. Rxf1 Qd8 17. Qf2 b6 18. g3 Be6 19. Kg2 Bd4 20. Rh1 Bxe3 21.
Qxe3 Qd4 22. Qh6 Qg7 23. Qh4 Rad8 24. b3 Bxb3 0-1

[Event "CAN-op"]
[Site "Calgary CAN"]
[Date "1996.07.19"]
[Round "8"]
[White "Dougherty, Michael"]
[Black "Rasmussen, Barry"]
[Result "1/2-1/2"]
[WhiteElo "2330"]
[BlackElo "2174"]
[PlyCount "132"]
[EventDate "1996.07.13"]
[EventType "swiss"]
[EventRounds "10"]
[EventCountry "CAN"]

1. g3 d5 2. Bg2 Nf6 3. Nf3 c6 4. b3 Bg4 5. Bb2 Nbd7 6. d4 e6 7. O-O Bd6 8. Ne5
Bh5 9. c4 Qc7 10. f4 Ng4 11. Qd3 Ngxe5 12. fxe5 Be7 13. Nc3 dxc4 14. Qxc4 O-O
15. e4 c5 16. Nb5 Qb8 17. dxc5 Bxc5+ 18. Kh1 Rc8 19. Qd3 Nxe5 20. Qd2 f6 21. b4
Bf8 22. Bh3 Bf7 23. Rad1 Nc4 24. Qf2 Nxb2 25. Qxb2 a6 26. Rd7 Rd8 27. Rxf7 Kxf7
28. Nd4 Re8 29. Qb3 Qe5 30. Nf3 Qh5 31. e5 h6 32. Kg2 Qg6 33. Qc4 Rad8 34. exf6
Rd5 35. Ne5+ Rxe5 36. Qc7+ Be7 37. fxe7+ Rf5 38. Bxf5 exf5 39. Qxb7 Rxe7 40.
Qd5+ Qe6 41. Rxf5+ Kg6 42. Qxe6+ Rxe6 43. Ra5 Rb6 44. a3 Kf7 45. Kf3 Re6 46. a4
Ke8 47. b5 axb5 48. Rxb5 Kd8 49. Rb7 g6 50. a5 Ra6 51. Rb6 Rxa5 52. Rxg6 h5 53.
h4 Rf5+ 54. Ke4 Rf8 55. Rg7 Ke8 56. Rh7 Rg8 57. Kf4 Rf8+ 58. Kg5 Rg8+ 59. Kf6
Rxg3 60. Rh8+ Kd7 61. Rxh5 Rf3+ 62. Kg7 Ke6 63. Ra5 Rf7+ 64. Kg8 Rb7 65. Ra1
Kf6 66. Rg1 Rb4 1/2-1/2

[Event "CAN-op"]
[Site "Calgary CAN"]
[Date "1996.07.19"]
[Round "8"]
[White "Ferguson, Jim"]
[Black "Odachowski, Arthur"]
[Result "1-0"]
[WhiteElo "2253"]
[BlackElo "2085"]
[PlyCount "97"]
[EventDate "1996.07.13"]
[EventType "swiss"]
[EventRounds "10"]
[EventCountry "CAN"]
[SourceDate "2003.08.17"]

1. c4 d6 2. Nc3 g6 3. d4 Bg7 4. e4 Nf6 5. Nf3 O-O 6. Be2 e5 7. O-O Nc6 8. d5
Ne7 9. Ne1 Nd7 10. Be3 f5 11. f3 f4 12. Bf2 g5 13. a4 Nf6 14. c5 Ng6 15. c6
bxc6 16. dxc6 h5 17. Qb3+ Kh7 18. Bc4 Qe7 19. Nb5 g4 20. Nxa7 g3 21. Nxc8 gxf2+
22. Rxf2 Rfxc8 23. a5 d5 24. Bxd5 Nxd5 25. Qxd5 Qd6 26. Qxd6 cxd6 27. Rc2 Ne7
28. c7 Ra7 29. a6 Rca8 30. b4 Rxa6 31. Rxa6 Rxa6 32. c8=Q Nxc8 33. Rxc8 Rb6 34.
Nd3 Kg6 35. Kf2 Kf6 36. Ke2 Ke6 37. Kd2 Bf6 38. Kc3 Kd7 39. Rf8 Ke7 40. Ra8 Kd7
41. Ra7+ Kc6 42. Kc4 Rb8 43. b5+ Kb6 44. Ra6+ Kc7 45. Nb4 Kd7 46. Ra7+ Ke6 47.
Nd5 Bd8 48. b6 Bxb6 49. Re7# 1-0

[Event "CAN-op"]
[Site "Calgary CAN"]
[Date "1996.07.19"]
[Round "8"]
[White "Ferrar, John"]
[Black "Day, Lawrence"]
[Result "0-1"]
[WhiteElo "2272"]
[BlackElo "2431"]
[PlyCount "72"]
[EventDate "1996.07.13"]
[EventType "swiss"]
[EventRounds "10"]
[EventCountry "CAN"]
[SourceDate "2003.08.17"]

1. e4 g6 2. d4 d6 3. Be2 Bg7 4. h4 h5 5. Nc3 Nc6 6. Nf3 Bg4 7. Be3 Nf6 8. Qd2
a6 9. O-O-O b5 10. e5 dxe5 11. Nxe5 Qd6 12. Bxb5 axb5 13. Nxb5 Qd8 14. Nxc6 Qd7
15. Qb4 Qxc6 16. d5 Qd7 17. f3 Bf5 18. a4 O-O 19. c4 c6 20. dxc6 Qxc6 21. b3
Rfc8 22. Nd4 Qc7 23. Nxf5 gxf5 24. Rd3 e6 25. Qd6 Qb7 26. Bd4 Rd8 27. Qf4 Kh7
28. Kc2 Rab8 29. Rb1 Bh6 30. Qe5 Nd7 31. Qe2 e5 32. Ba1 Nc5 33. Rxd8 Rxd8 34.
Qxe5 Rd2+ 35. Kc3 Nxa4+ 36. bxa4 Qxb1 0-1

[Event "CAN-op"]
[Site "Calgary CAN"]
[Date "1996.07.19"]
[Round "8"]
[White "Gentes, Kevin"]
[Black "Pitre, Hanniegn"]
[Result "1-0"]
[WhiteElo "2373"]
[BlackElo "2078"]
[PlyCount "63"]
[EventDate "1996.07.13"]
[EventType "swiss"]
[EventRounds "10"]
[EventCountry "CAN"]
[SourceDate "2003.08.17"]

1. e4 c6 2. d4 d5 3. Nd2 dxe4 4. Nxe4 Bf5 5. Ng3 Bg6 6. Nf3 Nd7 7. Bc4 e6 8.
Qe2 Nb6 9. Bb3 Be7 10. h4 Nd5 11. h5 Bf5 12. Nxf5 exf5 13. Qe5 Ngf6 14. Qxf5
O-O 15. O-O g6 16. hxg6 hxg6 17. Qd3 Kg7 18. c4 Nb4 19. Qd2 Rh8 20. a3 Bd6 21.
axb4 Bh2+ 22. Nxh2 Rxh2 23. Kxh2 Ng4+ 24. Kg3 Qh8 25. Kxg4 Qh5+ 26. Kg3 Rh8 27.
Qf4 f5 28. Rxa7 Qh2+ 29. Kf3 Qh5+ 30. g4 Qh3+ 31. Ke2 Re8+ 32. Be3 1-0

[Event "CAN-op"]
[Site "Calgary CAN"]
[Date "1996.07.19"]
[Round "8"]
[White "Haessel, Dale"]
[Black "Sasata, Robert"]
[Result "0-1"]
[WhiteElo "2196"]
[BlackElo "2312"]
[PlyCount "76"]
[EventDate "1996.07.13"]
[EventType "swiss"]
[EventRounds "10"]
[EventCountry "CAN"]
[SourceDate "2003.08.17"]

1. e4 c5 2. Nc3 e6 3. g3 d5 4. exd5 exd5 5. d4 cxd4 6. Qxd4 Nf6 7. Bg2 Nc6 8.
Qa4 Be7 9. Nge2 O-O 10. Bg5 Re8 11. O-O-O Bd7 12. Rhe1 b5 13. Nxb5 a6 14. Bxf6
Bxf6 15. Nbc3 Na5 16. Qa3 Nc4 17. Qc5 Rc8 18. Qxd5 Qb6 19. b3 Bc6 20. Qxc4 Bxg2
21. Nd5 Rxc4 22. Nxb6 Rce4 23. Nf4 Rxe1 24. Nxg2 Bb2+ 25. Kd2 Bc3+ 26. Kc1 Bb2+
27. Kd2 R1e2+ 28. Kd3 Rxf2 29. Nc4 Rxg2 30. Nxb2 Ree2 31. Rc1 Rxh2 32. a4 Reg2
33. Nc4 Rxg3+ 34. Kd4 h5 35. Kc5 Rc3 36. Kb6 Rhxc2 37. Rxc2 Rxc2 38. Kxa6 h4
0-1

[Event "CAN-op"]
[Site "Calgary CAN"]
[Date "1996.07.19"]
[Round "8"]
[White "Neven, Knut"]
[Black "Quiring, John"]
[Result "1-0"]
[WhiteElo "2220"]
[BlackElo "2033"]
[PlyCount "43"]
[EventDate "1996.07.13"]
[EventType "swiss"]
[EventRounds "10"]
[EventCountry "CAN"]
[SourceDate "2003.08.17"]

1. c4 c5 2. Nf3 Nf6 3. Nc3 b6 4. g3 Bb7 5. Bg2 e6 6. O-O Be7 7. e3 O-O 8. b3 d5
9. Ne5 Qc7 10. d4 a6 11. Bb2 Rd8 12. cxd5 cxd4 13. exd4 Nxd5 14. Nxd5 Bxd5 15.
Bxd5 Rxd5 16. Qf3 Bf8 17. Rac1 Qb7 18. Rc2 f6 19. Nd3 Rd7 20. Qe2 Re7 21. Rfc1
Kf7 22. Nf4 1-0

[Event "CAN-op"]
[Site "Calgary CAN"]
[Date "1996.07.19"]
[Round "8"]
[White "Sieber, Stephan"]
[Black "Gebhardt, David"]
[Result "1-0"]
[WhiteElo "1551"]
[BlackElo "1842"]
[PlyCount "31"]
[EventDate "1996.07.13"]
[EventType "swiss"]
[EventRounds "10"]
[EventCountry "CAN"]
[SourceDate "2003.08.17"]

1. e4 e5 2. d4 exd4 3. c3 Nf6 4. e5 Qe7 5. Nf3 dxc3 6. Bd3 d6 7. O-O Nc6 8.
exf6 Qxf6 9. Nxc3 Bg4 10. Be2 Be7 11. Nd5 Qg6 12. Nxc7+ Kd8 13. Nxa8 Bh3 14.
Ng5 Bxg2 15. Bh5 Qf5 16. Nxf7+ 1-0

[Event "CAN-op"]
[Site "Calgary CAN"]
[Date "1996.07.19"]
[Round "8"]
[White "Wu, Douglas"]
[Black "Philip, Tim"]
[Result "0-1"]
[WhiteElo "2075"]
[BlackElo "2186"]
[PlyCount "68"]
[EventDate "1996.07.13"]
[EventType "swiss"]
[EventRounds "10"]
[EventCountry "CAN"]
[SourceDate "2003.08.17"]

1. e4 c5 2. Nf3 d6 3. d4 cxd4 4. Nxd4 Nf6 5. Nc3 a6 6. Bg5 e6 7. f4 Be7 8. Qf3
Qa5 9. O-O-O Bd7 10. Nb3 Qc7 11. Kb1 Nc6 12. Qd3 b5 13. a3 b4 14. axb4 Nxb4 15.
Qd2 Bc6 16. e5 dxe5 17. fxe5 Ne4 18. Nxe4 Bxe4 19. Bd3 Bxd3 20. cxd3 Bxg5 21.
Qxb4 Qxe5 22. Nc5 Qb8 23. Qe4 Qc8 24. h4 Bf6 25. d4 O-O 26. g4 Rb8 27. g5 Be7
28. Rc1 Rb5 29. Qe3 Qc6 30. g6 hxg6 31. h5 Rfb8 32. Nd3 Qb7 33. Rc8+ Rxc8 34.
hxg6 Qxh1+ 0-1

[Event "CAN-op"]
[Site "Calgary CAN"]
[Date "1996.07.19"]
[Round "8.38"]
[White "Davies, Jordan"]
[Black "Strojevs, Alexander"]
[Result "1-0"]
[WhiteElo "1790"]
[BlackElo "1927"]
[PlyCount "140"]
[EventDate "1996.07.13"]
[EventType "swiss"]
[EventRounds "10"]
[EventCountry "CAN"]

1. Nf3 Nf6 2. g3 g6 3. Bg2 Bg7 4. c4 c5 5. Nc3 O-O 6. O-O Nc6 7. e3 d6 8. d4
Bg4 9. h3 Bf5 10. Re1 Be4 11. a3 Na5 12. Nxe4 Nxe4 13. Qc2 Nf6 14. b4 cxb4 15.
axb4 Nc6 16. Bd2 a6 17. e4 Nd7 18. Bc3 e5 19. Rad1 Qc7 20. Qd3 Rfd8 21. d5 Ne7
22. Rc1 f5 23. Ng5 Nf8 24. Bd2 h6 25. Ne6 Nxe6 26. dxe6 Rac8 27. f4 Rf8 28. Kh1
Nc6 29. Qd5 Ne7 30. Qd3 Nc6 31. exf5 gxf5 32. Qd5 Kh8 33. b5 Nd8 34. b6 Qe7 35.
Bb4 Rc6 36. fxe5 Qg5 37. e7 Qxe7 38. Bxd6 Qg5 39. Bxf8 Bxf8 40. Rcd1 Ne6 41.
Qd7 Rxb6 42. Rb1 Qxg3 43. Rf1 Rxb1 44. Rxb1 Qxe5 45. Qxb7 Bd6 46. Qb2 Nd4 47.
Bd5 Qe3 48. Qg2 Ne6 49. Rg1 Ng5 50. h4 Qf4 51. Qe2 Qxh4+ 52. Kg2 Qg3+ 53. Kf1
Qf4+ 54. Ke1 Qc1+ 55. Qd1 Qe3+ 56. Kf1 Bc5 57. Rg2 Nh3 58. Bf3 Bd4 59. c5 Nf4
60. c6 Nxg2 61. Kxg2 Qf2+ 62. Kh3 f4 63. Kg4 Qg3+ 64. Kf5 Qg5+ 65. Ke4 Qe5+ 66.
Kd3 Be3 67. Kc4 Qc5+ 68. Kb3 Qb5+ 69. Kc3 Qe5+ 70. Kc4 Qc7 1-0

[Event "CAN-op"]
[Site "Calgary CAN"]
[Date "1996.07.20"]
[Round "9"]
[White "Daniluk, Jim"]
[Black "Dougherty, Michael"]
[Result "1-0"]
[WhiteElo "2160"]
[BlackElo "2330"]
[PlyCount "80"]
[EventDate "1996.07.13"]
[EventType "swiss"]
[EventRounds "10"]
[EventCountry "CAN"]
[SourceDate "2003.08.17"]

1. d4 g6 2. g3 c5 3. Nf3 Bg7 4. Bg2 cxd4 5. Nxd4 Qb6 6. c3 Nc6 7. Nxc6 bxc6 8.
O-O Ba6 9. b3 Nf6 10. Bb2 d5 11. Nd2 O-O 12. Re1 Rad8 13. h3 e5 14. Qc2 e4 15.
c4 e3 16. fxe3 Qxe3+ 17. Kh2 dxc4 18. Nxc4 Bxc4 19. Qxc4 Nh5 20. Bxg7 Qxg3+ 21.
Kh1 Kxg7 22. Qxc6 Rfe8 23. e3 Re6 24. Qc3+ Kg8 25. Rad1 Rde8 26. Rd4 Qe5 27.
Qc4 Ng3+ 28. Kg1 Nf5 29. Rd7 Qg3 30. Re2 Nxe3 31. Qc7 Qxc7 32. Rxc7 Nxg2 33.
Rxg2 Re1+ 34. Kh2 R8e2 35. Rc8+ Kg7 36. Rc2 Re3 37. Rg3 R3e2+ 38. Rg2 Rxc2 39.
Rxc2 Re3 40. Kg2 h5 1-0

[Event "CAN-op"]
[Site "Calgary CAN"]
[Date "1996.07.20"]
[Round "9"]
[White "Gardner, Robert"]
[Black "Majstorovic, Dan"]
[Result "1-0"]
[WhiteElo "2303"]
[BlackElo "1995"]
[PlyCount "55"]
[EventDate "1996.07.13"]
[EventType "swiss"]
[EventRounds "10"]
[EventCountry "CAN"]
[SourceDate "2003.08.17"]

1. e4 e6 2. d4 d5 3. Nd2 Nf6 4. e5 Nfd7 5. f4 c5 6. c3 Nc6 7. Ndf3 Qb6 8. g3 f6
9. Bd3 cxd4 10. cxd4 Bb4+ 11. Kf1 fxe5 12. fxe5 O-O 13. Kg2 Ndxe5 14. dxe5 Nxe5
15. Nxe5 Rf2+ 16. Kh3 Bd6 17. Ngf3 Qc7 18. Qe1 Rxf3 19. Nxf3 e5+ 20. Kg2 e4 21.
Bxe4 dxe4 22. Qxe4 Bd7 23. Bf4 Bxf4 24. Qxf4 Qc2+ 25. Qd2 Qf5 26. Rhf1 Bc6 27.
Rac1 Bxf3+ 28. Rxf3 1-0

[Event "CAN-op"]
[Site "Calgary CAN"]
[Date "1996.07.20"]
[Round "9"]
[White "Huber, Greg"]
[Black "Ferguson, Jim"]
[Result "0-1"]
[WhiteElo "2381"]
[BlackElo "2253"]
[PlyCount "77"]
[EventDate "1996.07.13"]
[EventType "swiss"]
[EventRounds "10"]
[EventCountry "CAN"]
[SourceDate "2003.08.17"]

1. e4 c5 2. Nc3 Nc6 3. Nge2 d6 4. d4 cxd4 5. Nxd4 Nf6 6. Bc4 Qb6 7. Nb3 e6 8.
Be3 Qc7 9. Bd3 Be7 10. f4 a6 11. g4 b5 12. g5 Nd7 13. Qh5 Nb6 14. f5 Ne5 15.
O-O-O Bd7 16. Bd4 g6 17. Qh6 O-O-O 18. f6 Bf8 19. Qh4 Nf3 20. Qf2 Nxd4 21. Qxd4
e5 22. Qe3 Be6 23. Bxb5 axb5 24. Nxb5 Nc4 25. Qc3 Qb6 26. Na3 Qe3+ 27. Qxe3
Nxe3 28. Rd3 Ng2 29. Rc3+ Kb8 30. Na5 Rc8 31. Nc6+ Kb7 32. Na5+ Ka6 33. Rxc8
Bxc8 34. b4 d5 35. Nc6 dxe4 36. Rg1 Nf4 37. b5+ Kb6 38. Nc4+ Kxb5 39. N6xe5 0-1

[Event "CAN-op"]
[Site "Calgary CAN"]
[Date "1996.07.20"]
[Round "9"]
[White "Maric, Victor"]
[Black "Gentes, Kevin"]
[Result "0-1"]
[WhiteElo "2191"]
[BlackElo "2373"]
[PlyCount "94"]
[EventDate "1996.07.13"]
[EventType "swiss"]
[EventRounds "10"]
[EventCountry "CAN"]
[SourceDate "2003.08.17"]

1. e4 e5 2. Nf3 Nc6 3. Bc4 Bc5 4. c3 Nf6 5. d4 exd4 6. e5 d5 7. Bb5 Ne4 8. cxd4
Bb4+ 9. Nbd2 O-O 10. O-O Bg4 11. Bxc6 bxc6 12. Qc2 Nxd2 13. Nxd2 Qd7 14. a3 Be7
15. b4 a5 16. bxa5 Rxa5 17. Nb3 Bf5 18. Qd1 Ra7 19. a4 Rb8 20. a5 Qe6 21. Ba3
Qg6 22. Qf3 Bc2 23. Nd2 Bg5 24. Qc3 Qd3 25. Bb4 Raa8 26. f4 Qxc3 27. Bxc3 Be7
28. Rac1 Bd3 29. Rf3 Bf5 30. Nf1 c5 31. h3 c4 32. Ne3 Be4 33. Rf2 c5 34. Re2
Rb3 35. Ba1 h6 36. Nxc4 Bd3 37. Nd2 Bxe2 38. Nxb3 c4 39. Re1 Bd3 40. Nc1 Bb4
41. Nxd3 cxd3 42. Rb1 Rxa5 43. Kf2 d2 44. Ke2 Ra4 45. Bb2 Ra2 46. Kd1 g6 47.
Kc2 Ba3 0-1

[Event "CAN-op"]
[Site "Calgary CAN"]
[Date "1996.07.20"]
[Round "9"]
[White "Milne, Arthur"]
[Black "Feng, Jason"]
[Result "1-0"]
[WhiteElo "1944"]
[BlackElo "1740"]
[PlyCount "66"]
[EventDate "1996.07.13"]
[EventType "swiss"]
[EventRounds "10"]
[EventCountry "CAN"]
[SourceDate "2003.08.17"]

1. Nf3 b6 2. e4 Bb7 3. Nc3 e6 4. d4 Nf6 5. Bd3 Bb4 6. Qe2 O-O 7. O-O Qc8 8. a3
Bxc3 9. bxc3 Ba6 10. c4 d5 11. cxd5 Bxd3 12. cxd3 exd5 13. Bg5 dxe4 14. dxe4
Nfd7 15. Qc4 Re8 16. Rac1 c5 17. Rfe1 Nc6 18. Bf4 Qb7 19. Ng5 Nd8 20. d5 b5 21.
Qc2 h6 22. Nf3 Rc8 23. Qd2 Kh7 24. Rb1 a6 25. Qc2 Kg8 26. Nd2 c4 27. Be3 Ne5
28. Bd4 Nd3 29. Re3 Qc7 30. Rg3 g5 31. Ba1 Qf4 32. Rf3 Qg4 33. Qc3 Re7 1-0

[Event "CAN-op"]
[Site "Calgary CAN"]
[Date "1996.07.20"]
[Round "9"]
[White "Niksic, John"]
[Black "Chrumka, Jeff"]
[Result "1-0"]
[WhiteElo "2134"]
[BlackElo "1963"]
[PlyCount "49"]
[EventDate "1996.07.13"]
[EventType "swiss"]
[EventRounds "10"]
[EventCountry "CAN"]
[SourceDate "2003.08.17"]

1. d4 d5 2. Nf3 Nf6 3. c4 c6 4. Nc3 e6 5. e3 Nbd7 6. Bd3 dxc4 7. Bxc4 b5 8. Bd3
a6 9. O-O c5 10. e4 c4 11. Bc2 Bb7 12. Re1 Be7 13. d5 exd5 14. exd5 O-O 15. d6
Bxd6 16. Qxd6 Bxf3 17. gxf3 Qc8 18. Bg5 Qb7 19. Bxf6 Nxf6 20. Ne4 Nd5 21. Nc5
Qc7 22. Qxd5 Rad8 23. Qe4 g6 24. Qe5 Qa5 25. Nb7 1-0

[Event "CAN-op"]
[Site "Calgary CAN"]
[Date "1996.07.20"]
[Round "9"]
[White "Profit, Brian"]
[Black "Kolenchuk, Tracy"]
[Result "1-0"]
[WhiteElo "2137"]
[BlackElo "1975"]
[PlyCount "55"]
[EventDate "1996.07.13"]
[EventType "swiss"]
[EventRounds "10"]
[EventCountry "CAN"]
[SourceDate "2003.08.17"]

1. d4 d5 2. c4 dxc4 3. e4 e5 4. Nf3 exd4 5. Bxc4 Bg4 6. Bxf7+ Kxf7 7. Ne5+ Ke8
8. Qxg4 Nf6 9. Qe6+ Qe7 10. Qc8+ Qd8 11. Qe6+ Qe7 12. Qc8+ Qd8 13. Qxd8+ Kxd8
14. Nf7+ Ke8 15. Nxh8 Nxe4 16. O-O Nf6 17. Re1+ Be7 18. Bf4 Nd5 19. Bg5 Kf8 20.
Bxe7+ Nxe7 21. Nd2 c5 22. Ne4 b6 23. Nd6 Nbc6 24. Nhf7 Nb4 25. Re4 g6 26. a3
Nc2 27. Rc1 d3 28. Rd1 1-0